Which Enhypen member said this? - Statistics

General Stats
  • This quiz has been taken 502 times
  • The average score is 10 of 17
Answer Stats
Question Answer % Correct
Which Enhypen member said ''strawberry with chocolate''? Jungwon
96%
Which Enhypen member said ''Hola'' when asked to speak French? Jake
89%
Which Enhypen member said ''I'm Enhypen'' ? Sunghoon
85%
Which Enhypen member said ''I'm frying''? Ni-ki
80%
Which Enhypen member said ''Durake-u...Drake?'' ? Ni-ki
78%
Which Enhypen member said ''OKAY. NICE.IT'S ME. MY TIME. WOHOO!''? Jungwon
64%
Which Enhypen member said ''Do you think is this alcohol?'' ? Jungwon
60%
Which Enhypen member said ''This smells like my mothers manicure'' ? Jay
59%
Which Enhypen member said ''It's not a hedgehog, it's a hamster...actually..'' ? Heeseung
56%
Which Enhypen member said ''Pebble b*tch'' Jay
56%
Which Enhypen member said ''Sir yes sir!'' ? Sunghoon
55%
Which Enhypen member said ''Heeseung hyung has a small...but?'' ? Sunoo
55%
Which Enhypen member said ''My brain is precious''? Sunghoon
53%
Which Enhypen member said ''Apocalypse without dozer..'' Sunghoon
53%
Which Enhypen member said ''yeah yeah okay yes okay yeah...thank you very much'' ? Sunoo
42%
Which Enhypen member said ''suuuuuuuu gorgeous'' ? Heeseung
40%
Which Enhypen member said ''Hey! Ye Happy Halloween!'? Jay
22%
No matching quizzes found
Score Distribution
Percent of People with Each Score
Percentile by Number Answered
Your Score History
You have not taken this quiz